00464nam a2200145 a 450000500170000000800410001702000180005805000220007610000180009824501010011626000390021730000220025665000200027865000200029820140412111310.0010503s19uu xx 00 eng d a0-590-44739-4 aTR(PS EbAn5 1970 aBarrett, Judi aAnimals should definitely not wear clothing /cwritten by Judi Barrett and drawn by Ron Barrett. aNew York :bScholastic Inc,c1970. a1v. (unp.) ; ill. aClothes-Stories aAnimals-Stories